[Event "BIH-chT 2nd"]
[Site "Jahorina"]
[Date "2003.06.22"]
[Round "2"]
[White "Shirov, Alexei"]
[Black "Atalik, Suat"]
[Result "1-0"]
[WhiteElo "2735"]
[BlackElo "2568"]
[Annotator "Atalik,S"]
[PlyCount "237"]
[EventDate "2003.06.21"]
[EventType "team-tourn"]
[EventRounds "9"]
[EventCountry "BIH"]
[SourceTitle "CBM 094 Extra"]
[Source "ChessBase"]
[SourceDate "2003.07.09"]
[SourceVersion "2"]
[SourceVersionDate "2003.07.09"]
[SourceQuality "1"]
[WhiteTeam "Sarajevo Bosna"]
[BlackTeam "Sarajevo Napredak"]
[WhiteTeamCountry "BIH"]
[BlackTeamCountry "BIH"]

1. e4 e6 2. d4 d5 3. Nc3 Bb4 4. e5 c5 5. a3 Ba5 {The Armenian Line in French
Defence. Basically two people made it popular: GM Vaganian and GM Lputian but
two people from Sankt Peterburg made the most theoretical work it seems to me:
El Khalif and GM Sergey Ivanov.} 6. Qg4 {Alexey usually does not chose this.}
Ne7 7. dxc5 (7. b4 cxb4 $1 8. Nb5 b3+ 9. c3 Nf5 10. Bd2 O-O 11. Qh3 a6 12. g4
Qh4 $17 {is bad since Timman-Vaganian,Horgen 1995.}) 7... Bxc3+ 8. bxc3 Ng6 {
If black wants to play Qa5 this is not the exact move order.} (8... Qa5 9. Bd2
Ng6 10. Nf3 Nd7 11. Bd3 ({or} 11. c4 Qc7)) 9. Nf3 ({Baklan's} 9. Bd3 {prevents
basically Qa5 lines.}) 9... Qa5 10. Bd2 Nd7 11. c4 $5 {Usually this move is
underestimated. However this game shows that it contains a lot of sting.} Qc7
12. cxd5 O-O $5 {This is a well known trick.} (12... Ndxe5 $6 13. Bb5+ Kf8 (
13... Bd7 $2 14. Bxd7+ Kxd7 15. Qa4+ $16) 14. Qg3 (14. d6 $2 Qxc5 15. Bb4 (15.
d7 Bxd7 16. Bb4 Nxg4 17. Bxc5+ Ke8 $17) 15... Nxf3+ 16. gxf3 (16. Qxf3 Qe5+ 17.
Qe3 Qxa1+ 18. Ke2 Qf6 19. d7+ Kg8 20. Qxa7 Nf4+ 21. Kd1 h5 22. Qxa8 Qa1+ 23.
Kd2 Qd4+) 16... Qe5+ 17. Kd2 Kg8 $17) 14... exd5 15. O-O Bf5 16. Rfe1 Nxf3+ 17.
gxf3 $1 $16) 13. Qd4 $1 $146 {Now things are not that simple for black since
he is walking in a very narrow path to equality.} exd5 14. Qxd5 Ndxe5 $6 {
This ain't the best.} (14... Nxc5 15. Qd6 {Shirov} (15. Bb4 $6 b6 16. Qxa8 Be6
17. Qxf8+ Kxf8 18. Be2 a5 19. Bd2 Ne4 $17 (19... Nxe5 20. Nd4 Bc4 $17)) 15...
Qxd6 (15... Qb6 16. Qxb6 axb6 17. Bc4 Bg4 $13) 16. exd6 $14) 15. Nxe5 (15. Qd6
$2 Nxf3+ 16. gxf3 Re8+ 17. Kd1 Qd7 $1 18. Qxd7 Bxd7 $17) 15... Nxe5 (15... Re8
$6 16. O-O-O Qxe5 (16... Rxe5 17. Bf4 Rxd5 18. Bxc7 $16) 17. Qxe5 Nxe5 18. Bf4
$16) 16. Qd6 {Now the bells started to toll for black.} (16. O-O-O $2 Ng4)
16... Qxd6 17. cxd6 Bf5 18. Bf4 $1 {The right direction for the bishop since
f2 needs protection in some lines.} (18. Bc3 $6 Ng4 19. h3 Rfe8+ 20. Be2 Rac8
21. hxg4 Rxc3 22. gxf5 Rxc2 23. O-O Rcxe2 24. d7 Rd8 25. Rac1 Kf8 26. Rfd1 (26.
Rc7 Rd2) 26... Ke7 27. Rc7 Rb2 $15) 18... Ng6 19. Bg3 $1 (19. Be3 Bxc2 (19...
Rfc8 20. c4) 20. Bc4 Rfd8 21. Rc1 Ba4 22. Bd5 Rxd6 23. Bxb7 Rb8 24. Be4 Re8 $11
) 19... Rfc8 20. c4 b5 $1 {Good or bad the only chance!} 21. O-O-O $6 {White
had to accept the second pawn since in that case in my opinion black would not
be able to bring enough power into the game to compensate the material deficit.
} (21. cxb5 Rc2 22. Kd1 Rac8 23. Be2 f6 $1 {Black has to act very quick.} (
23... Rb2 $2 24. a4 Rcc2 25. Bf3 f6 (25... Rd2+ 26. Ke1) 26. a5 Ne5 27. Bxe5
fxe5 28. b6 a6 29. Rc1 (29. g4 e4) 29... Rd2+ (29... Rxc1+ 30. Kxc1 Rb1+ 31.
Kd2 Rxh1 32. Be4 $1 (32. g4 Rb1 33. gxf5 Kf7 34. Be2 Ke8 35. Bxa6 Kd7 36. Bd3
Rb4 37. Kc3 $18) (32. b7 $2 Rb1 33. Be4 Bxe4 34. d7 Rxb7 35. d8=Q+ Kf7 36. f3
Bc6 37. Qc8 Rd7+ 38. Ke3 Bb5 $11) 32... Bd7 33. b7 $18) 30. Ke1 Rxd6 31. h4 $16
(31. Be2 Bd3)) 24. Bf3 Ne5 25. Bxe5 fxe5 26. Bd5+ Kf8 27. Re1 Rxf2 28. Rxe5
Bg4+ 29. Ke1 Rf6 30. h3 Bd7 31. a4 Rc5 32. Ke2 Rxd6 33. Rf1+ Rf6 34. Rd1 $16)
21... bxc4 $6 {In this game obvious moves turns out to be bad.} (21... Nf8 $1 {
After the game before some table tenis matches Kasim and I reached to the
conclusion that this was the most exact move.} 22. Kd2 $1 (22. Rd5 $6 Bd7 23.
Kd2 bxc4 24. Kc3 Be6 $1 (24... Rc6 25. Ra5 Rb8 26. Be2 Rb3+ 27. Kc2) (24...
Rab8 25. Bxc4) 25. Rd4 Nd7 26. Be2 Nb6 27. Bf3 Rab8 28. d7 Na4+ 29. Kd2 Rb2+
30. Ke3 Rb3+ $11 31. Kd2 $11 ({since} 31. Kf4 Rd8 {is dangerous for white.}))
22... bxc4 23. Kc3 Nd7 $13) 22. d7 Rd8 23. Bxc4 Rxd7 24. Rxd7 Bxd7 $14 {
Now black is clearly worse.} 25. Kb2 $1 {For a while white has to avoid small
traps by black who is trying to equalize.} (25. Rd1 $6 Rc8 26. Rxd7 Rxc4+ 27.
Kb2 f5) 25... Be6 {Whites bishops are too powerful.} 26. Bxe6 fxe6 27. Rc1 e5 (
27... Kf7 28. Rc7+ Kf6 29. f3 e5 {should also be taken into consideration.})
28. Rc7 $6 {Losing the advantage!} ({After} 28. Kb3 $142 $16 {White is on the
drivers seat.}) 28... h5 29. h4 Nf4 30. Kb3 (30. Bxf4 exf4 31. Kc3 (31. Rc5 Re8
) 31... Re8 32. Kd3 Rd8+ 33. Ke2 f3+ $1 34. Kxf3 Rd3+ 35. Kf4 Rxa3 36. Kg5 Ra2
37. Kg6 Rxf2 38. Rxg7+ Kf8 $11) (30. Re7 $5 Kf8 (30... Nxg2 $2 31. Bxe5 Nxh4
32. Rxg7+ Kf8 33. Rh7 $16)) 30... Re8 $1 $11 {Now black is back in the game.}
31. Rxa7 Nxg2 32. a4 (32. Ra5 e4 33. Re5 Kf7 $1 $11 ({Even} 33... Rxe5 34. Bxe5
Nxh4 35. a4 Nf3 36. Bc7 Kf7 37. a5 Ke6 38. a6 Nd4+ 39. Kc4 Nc6 40. Bd8 $1 Kd6
$1 $11 {leads to an equality.})) 32... e4 $2 {First major mistake by black who
could immediately equalize or in a way force white to equalize.} (32... g5 $1
33. hxg5 (33. a5 gxh4 34. Bh2 Ne1 35. a6 Nf3 (35... Re6 36. Ra8+ Kf7 37. a7 Ra6
38. Bxe5) 36. Rb7 Ra8 37. a7 Rxa7 38. Rxa7 Nxh2 $17 {looks even dagerous for
white.}) 33... h4 34. Bh2 Ne1 35. a5 (35. Ra6 $2 Nf3 36. Rg6+ Kh7 37. Rh6+ Kg7)
35... Nf3 36. a6 Nxh2 (36... Re6 37. Ra8+ Kg7 38. a7 Ra6 39. Bxe5+ Nxe5 40. Re8
Rxa7 41. Rxe5 Rf7 (41... Kg6 42. f4 h3 43. Re6+ Kf5 44. Rh6 Kg4 45. g6 Rg7 46.
f5 $11)) 37. Rb7 Nf3 38. a7 Nd4+ 39. Kc4 Nc6 40. Kd5 Nxa7 41. Rxa7 Rf8 42. Ra6
$11) 33. Rc7 e3 34. fxe3 Nxe3 (34... Rxe3+ 35. Rc3 Re6 36. a5 Ne3 37. Rc5 $1
$16 (37. a6 $2 Rb6+)) 35. Rc5 Rf8 36. a5 {White could have won the pawn .} (36.
Rxh5 Rf3 37. Be5 g6 38. Rg5 Nf5+ 39. Kb4 Kf7 40. a5 Re3 41. Bb8 $18) 36... Nf5
37. Bf2 Nd6 38. Rd5 Rf3+ 39. Kb4 (39. Ka4 $18) 39... Nb7 40. Bd4 $2 {Falling
into the trap.} (40. a6 Rxf2 41. Kb5 $1 $18) 40... Nxa5 $1 $11 {Now it is a
dead draw!} 41. Rxa5 Rf4 42. Kc4 Rxh4 43. Rg5 Rg4 $1 {g7 pawn is much more
important than h5.} 44. Rxh5 Kf7 45. Kd5 Rg2 46. Ke4 Rg4+ 47. Ke3 Kg6 48. Rd5
Kh7 49. Kf3 Rg6 50. Rd7 Kg8 51. Kf4 Rg2 52. Kf3 Rg6 53. Ra7 Kh7 54. Ra2 Rd6 55.
Ke4 {It was safer to keep the rook on the 7th rank and defend g7 horizontally.}
Rg6 (55... Rd7 56. Be5 Rb7 57. Kf5 Rf7+ 58. Kg5 Rb7 59. Ra1 Rd7 60. Rh1+ Kg8
61. Kg6 Rd6+ 62. Kf5 Rd7 63. Ke6 Rb7 64. Rd1 Kh7 65. Kf5 Rf7+ 66. Kg5 Rb7 67.
Rd8 Ra7 $11) 56. Kf4 Kg8 57. Kf5 Rg3 58. Rh2 Kf7 59. Rh8 Rg2 $2 (59... Rf3+ 60.
Kg4 Rd3 $11) 60. Bc5 $1 {That was a cold shower for me. Not to defend g7 pawn
horizontally was costly on me. After the text black is forced to move his pawn
forward and should be ready to defend a pure R+B vs R ending.} g6+ 61. Ke4 Rg4+
62. Ke5 Rg5+ 63. Kd6 Rh5 64. Rc8 Kf6 65. Rf8+ Kg7 66. Rf1 Rh4 67. Be3 Ra4 68.
Ke5 Ra5+ 69. Ke6 g5 70. Bd4+ Kg6 71. Be5 Ra2 72. Rb1 Re2 73. Rb8 Re1 74. Rg8+
Kh5 75. Kd5 Rb1 76. Bf6 Rb5+ 77. Ke6 Kg4 78. Ra8 Kf3 79. Ra3+ Kf2 80. Bd4+ Kf1
81. Be5 Kf2 82. Ra2+ Kf3 83. Kf5 Rc5 $2 {Whites hasty play allowed black for a
second time with an immediate draw.} (83... g4 84. Ra3+ Kf2 85. Ke4 Rxe5+ $1 {
How can I miss that?} 86. Kxe5 g3 87. Kf4 (87. Ke4 g2 88. Rf3+ Ke2 $11) 87...
g2 88. Ra2+ Kf1 89. Kf3 g1=N+ 90. Ke3 Nh3 91. Ra8 Ng1 92. Rf8+ Ke1 93. Rg8 Kf1
$1 94. Ra8 Kg2 95. Rf8 Nh3 96. Rf7 Ng1 $11 {I think I can not succeed in
losing a R vs N ending.}) 84. Ra3+ Ke2 85. Ke4 Rc2 86. Rg3 {Now it is clear
that Black is losing the pawn and has to play R+B vas R ending.} Rd2 87. Bc3
Rc2 {In the beginning I was trying to defend like Norri did with me in Pula
using the technic based on keeping R and B a square apart.} 88. Rg2+ Kd1 89.
Rg1+ Ke2 90. Bd4 g4 91. Rg3 Kd2 92. Rg2+ Kd1 93. Rg1+ Ke2 94. Rg3 Kd2 95. Be3+
Ke2 96. Bf4 Rc4+ 97. Kf5 Rc2 98. Kxg4 Rc8 99. Re3+ Kf2 100. Re4 Rc2 101. Bg3+
Kg2 102. Re3 Rc4+ 103. Bf4 Rc2 104. Rh3 Rf2 105. Rd3 Re2 106. Be3 Kf1 107. Kf3
Rf2+ 108. Ke4 Rc2 109. Bf4 Ke2 110. Re3+ Kf2 111. Bg3+ Kg2 112. Be5 Rc4+ 113.
Bd4 Rc2 114. Ra3 Kf1 115. Kd3 {Here I have decided to change the defensive
mechanism which eventually led to a catastroph.} Rc8 (115... Rh2 116. Be3 Rb2
117. Ra5 Kg2 118. Ke4 Rb4+ (118... Re2 $2 119. Rf5 $1 $18) 119. Bd4 Rb3 $11) (
115... Re2 116. Ra1+ Re1 117. Ra2 Rd1+ 118. Ke3 Re1+ 119. Kf3 Re2 120. Ra1+ Re1
121. Ra8) 116. Ra2 Rd8 $4 {Now I have pushed the self destruction button. It
is disgusting and worrysome to lose such an elementary ending like R+B vs R no
matter if one is low on time etc...} (116... Rf8 117. Ra1+ Kg2 118. Rg1+ Kh3
119. Ke4 Kh4 120. Be5 Kh5 121. Rg3 Kh4 (121... Rf7 122. Bf4 Re7+ 123. Kf5 Rf7+
124. Ke5 Re7+ 125. Kf6 Rb7 126. Rg5+ Kh4 127. Rg1 Rb5 128. Be5 Ra5 129. Kf5 Ra3
130. Bf6+ Kh3 131. Kf4 Ra4+ 132. Kf3 Ra3+ 133. Kf2 Ra2+ $11) (121... Rf1 $4
122. Bf4 {goes into Philidor's position.} Rb1 123. Kf5 Rb5+ 124. Be5 Rb4 125.
Rg1 Rc4 126. Rg5+ Kh4 127. Rg7 Kh3 128. Rg3+ Kh4 129. Rd3 Rc5 130. Rd2 $18))
117. Rf2+ $18 {Of course after this check it is all over. I was braindead in
this very moment.} Ke1 118. Rf7 Rd5 119. Re7+ {Now what to do? Well I am going
through the notes of two games by Alex - Martinovsky-Yermolinsky, Chicago 1996
where he has won being the attacking side and Christiansen-Yermolinsky, when
he drew on the defending side.} (119. Re7+ Kf1 120. Rg7 $18) 1-0

[Event "Kavala op 14th"]
[Site "Kavala"]
[Date "2005.08.15"]
[Round "5"]
[White "Svetushkin, Dmitry"]
[Black "Atalik, Suat"]
[Result "0-1"]
[WhiteElo "2514"]
[BlackElo "2561"]
[Annotator "Atalik,S"]
[PlyCount "80"]
[EventDate "2005.08.12"]
[EventType "swiss"]
[EventRounds "9"]
[EventCountry "GRE"]
[SourceTitle "CBM 107 Extra"]
[Source "ChessBase"]
[SourceDate "2005.09.01"]
[SourceVersion "1"]
[SourceVersionDate "2005.09.01"]
[SourceQuality "1"]

1. e4 e6 2. d4 d5 3. Nc3 Bb4 4. e5 c5 5. a3 Ba5 $5 {This line is always my
favorite in French Defence.} 6. b4 cxd4 7. Qg4 Ne7 8. Qxg7 Rg8 9. Qxh7 dxc3 10.
bxa5 Nbc6 11. f4 {I like the other line for white.} (11. Nf3 $142 $1 Qc7 12.
Bf4 Bd7 13. a6 $1 b6 14. Bd3 O-O-O 15. Bg3 $1 (15. O-O f5 $5) 15... Ng6 16.
Bxg6 fxg6 $44) 11... Nd4 $1 12. Qd3 $6 {A conventional move.However black is
ok after this.} (12. Nh3 $5 Qxa5 (12... Qc7 13. Ng5 Rxg5 14. fxg5 Qxe5+ 15. Kf2
Bd7 16. Bd3 Bb5 17. Bxb5+ Nxb5 $44) 13. Ng5 Rf8 14. Qd3 Qa4 15. Ra2 Bd7 $132) (
12. Ne2 Nxe2 13. Bxe2 Qxa5 14. Bh5 Rf8 $14) 12... Nef5 13. Nf3 Nxf3+ 14. Qxf3
Bd7 $1 $146 {Black has to keep the queen in her original square trying to keep
the options open.} (14... Qh4+ $6 {is illogical because of this.}) 15. Qf2 Bc6
$1 16. Rg1 (16. h4 Ng3) 16... d4 17. g3 (17. g4 $2 Nh4 18. Rg3 Qd5) 17... Rh8
$1 18. Bd3 $2 (18. a6 b6 {would have helped white more.}) 18... Qxa5 $17 19. h4
O-O-O 20. h5 Bb5 $1 {Black has to exchange white's best piece.} 21. g4 Bxd3 22.
cxd3 Ne7 23. Qe2 Nc6 24. Kf2 Rd5 25. a4 $2 (25. Rh1 Rb5 $17) 25... b5 $1 $19 {
Now black gets a pair of connected passers.} 26. f5 b4 27. fxe6 Rxe5 28. Qf3
Rxe6 29. Bf4 (29. Qxf7 Rhe8) 29... Qc5 30. Rae1 b3 31. Rxe6 fxe6 32. g5 b2 {
A race starts again.} 33. g6 c2 34. g7 Rg8 35. h6 b1=Q 36. Bc1 Qb8 $1 {A very
important move.} 37. Rg2 Qf5 $1 {Easiest.} 38. h7 Qxf3+ $138 (38... Qxh7 39.
Qxc6+ Qc7 40. Qxe6+ Kb8 41. Qb3+ Ka8 42. Qd5+ Qb7 $19 {was winning easier.})
39. Kxf3 Kd7 40. Rh2 Rxg7 $1 0-1

[Event "Baden-Baden op"]
[Site "Baden-Baden"]
[Date "2003.07.27"]
[Round "5"]
[White "Baklan, Vladimir"]
[Black "Atalik, Suat"]
[Result "1/2-1/2"]
[WhiteElo "2598"]
[BlackElo "2599"]
[Annotator "Atalik,S"]
[PlyCount "31"]
[EventDate "2003.07.24"]
[EventType "swiss"]
[EventRounds "9"]
[EventCountry "GER"]
[SourceTitle "CBM 096"]
[Source "ChessBase"]
[SourceDate "2003.09.25"]
[SourceVersion "1"]
[SourceVersionDate "2003.09.25"]
[SourceQuality "1"]

1. e4 e6 2. d4 d5 3. Nc3 Bb4 4. e5 c5 5. a3 Ba5 6. dxc5 Bxc3+ 7. bxc3 Ne7 8.
Qg4 Ng6 {Why do I do this?} ({I wanted to play Qa5 but I knew the finesses in
the Armenian line without this move too.} 8... Qa5 9. Bd2 Ng6) 9. Bd3 $5 {
Kosikov's students always search for the truth in very well known positions.
This prevents Qa5.} Nd7 (9... Qa5 10. Ne2 $5) 10. Nf3 Qc7 11. O-O Nxc5 12. h4
$6 {I am not happy with this move. Very original but maybe not that sound.} (
12. Be3 $142 {is the theoretical and critical move.}) 12... Nxd3 $6 {After I
have sank into some thought and decided to get some material but possibly I
have had a better option.} (12... f6 $1 13. Bxg6+ hxg6 14. Qxg6+ Qf7 15. Qg4
Bd7 $44 {Black's compensation is huge considering the fact that white has h4
in.}) 13. cxd3 Qxc3 14. h5 $1 Nxe5 (14... Qxa1 $6 15. hxg6 hxg6 16. Qb4 $1 {
White has a dangerous attack.} f6 (16... a5 17. Qc5 a4 (17... f6 18. Bh6 Qxf1+
19. Kxf1 Rxh6 20. Nd4 Bd7 21. Qd6 $16) 18. Bg5 Rh1+ 19. Kxh1 Qxf1+ 20. Kh2 $18)
17. Bh6 $1 (17. Qb3 d4 18. Bh6 Qc3 19. Qxc3 dxc3 20. Bxg7 Rh5 21. exf6 Bd7 22.
Rc1 Rc8 $17) 17... Qxf1+ 18. Kxf1 Rxh6 19. Nd4 $44 {There is some sort of lack
of coordination in between my pieces in the resulting position.}) 15. Nxe5 Qxe5
16. Bf4 {Here Volodia came up with a surprising draw offer. After carefully
examining the position I have agreed for it.} ({Black seems to keep his edge
after all of the following lines but it requires a lot of skills and accurate
moves. I simply did not want to play, I have chickened out. However maybe this
decision made me to win the tournament. Who knows?} 16. Bf4 Qf6 17. Rfe1 (17.
h6 $2 gxh6 $1) (17. Bd6 $5 Bd7 (17... e5 18. Qa4+ $1 (18. Qb4 Kd7 $1 19. Bf8 $3
b6 20. Qb5+ Qc6 21. Qb4 $11) 18... Bd7 19. Qb4 $40) 18. Qg3 Rg8) 17... O-O 18.
h6 $1 (18. Bd6 $2 Re8 (18... e5 $6 19. Qb4 Re8 20. Bxe5 Qa6 (20... Qf5 21. h6)
21. Qd4 $44) (18... Rd8 $2 19. Be5 Qh6 20. Bf4 e5 21. Qh4 $14) 19. Be5 (19. Qa4
Qd8) 19... Qh6 20. Rac1 (20. Bf4 e5 21. Qh4 Qf6 22. Qxf6 gxf6 23. d4 Bg4 24.
dxe5 fxe5 $17) 20... f6 21. Bf4 g5 22. hxg6 Qxg6 23. Qxg6+ hxg6 24. Rc7 g5 25.
Bd6 d4 $15) 18... Qg6 19. Qh4 f6 20. d4 Rf7 21. Rac1 Bd7 22. Rc7 $44) (16. d4
Qf6 17. Bg5 Qf5 18. Qxf5 exf5 19. Rac1 (19. h6 gxh6 {and only black can win
this.}) 19... h6 $17) 1/2-1/2

[Event "Linares Anibal op 04th"]
[Site "Linares"]
[Date "1997.??.??"]
[Round "4"]
[White "Apicella, Manuel"]
[Black "Shulman, Yuri"]
[Result "1/2-1/2"]
[WhiteElo "2500"]
[BlackElo "2555"]
[Annotator "Atlas,V"]
[PlyCount "39"]
[EventDate "1997.02.??"]
[EventType "swiss"]
[EventRounds "10"]
[EventCountry "ESP"]
[SourceTitle "CBM 058"]
[Source "ChessBase"]
[SourceDate "1997.06.01"]
[SourceVersion "1"]
[SourceVersionDate "1997.06.01"]
[SourceQuality "1"]

1. e4 e6 2. d4 d5 3. Nc3 Bb4 4. e5 c5 5. a3 Bxc3+ 6. bxc3 Ne7 7. Qg4 Qc7 8. Bd3
cxd4 9. Ne2 dxc3 10. Qxg7 Rg8 11. Qxh7 Nbc6 (11... Qxe5 12. Bf4 Qf6 13. h4 Rxg2
14. Kf1 Rg4 15. Bg5 Qe5 16. f3 Rc4 17. Bxc4 dxc4 18. f4 $16 {was seen in
Apicella-Seknadje, Brussels 1993.}) 12. Bf4 ({The main continuation.} 12. f4 $6
{seems to be an unfortunate choice:} Qb6 {, and Black gets a good counterplay
due to the control over the diagonal g1-a7.}) 12... Bd7 13. Bg3 ({Another
interesting continuation is} 13. O-O O-O-O 14. Rae1 Rh8 $6 15. Qg7 d4 16. Bh7
Qa5 17. Ng3 Kb8 18. Ne4 d3 19. cxd3 Nd4 20. Qxf7 Nd5 21. Bg5 Rc8 22. Qxd7 Rc7
23. Qd6 Rhxh7 24. Qd8+ {1-0 Atlas,V-Wild,M/Genf op (1) 1992}) 13... Nxe5 14.
O-O O-O-O 15. Rfe1 N7c6 ({A radical solution of the problem with the pinned
knight was tested in the important for the estimation of this line game
Shabalov,A-Gulko,B/USA Ch (1) 1993:} 15... Rxg3 $6 16. Nxg3 Bc6 {Shabalov
demonstrated a convincing refutation of Black's idea:} 17. Rad1 N7g6 18. Qg7
Nxd3 19. Rxd3 Nf4 20. Rxc3 d4 21. Rc4 Qa5 22. Re4 Qxa3 23. Nf1 Qd6 24. Ng3 Qa3
25. h4 d3 26. cxd3 Nxd3 27. Red4 Rd5 28. Rxd5 exd5 29. Rc3 Qa1+ 30. Kh2 {1-0})
16. Nxc3 ({An attractive at the first glance continuation} 16. Nd4 {is met now
by} Rxg3 $1) 16... Nd4 $1 ({The best move. The main drawback of} 16... a6 {
is weakening of the square b6. After} 17. Rab1 {, threatening Na4, White gets
a dangerous intiative.}) 17. Ne2 ({Certainly, not} 17. Bxe5 $2 Nf3+ {or 17.
Re5? Rg3.}) 17... Ndc6 ({This obvious move is an improvement over the
contination} 17... Ndf3+ {, occured in the game Rodriguez,A-Paneque,P/La
Habana 1990. After} 18. gxf3 Nxf3+ 19. Kg2 Nxe1+ 20. Rxe1 e5 {White found a
convincing way to develop an initiative:} 21. Bf5 Rg5 22. Bxd7+ Rxd7 23. h4 $1
Rg6 24. h5 Rg5 25. Qh6 f6 26. Qxf6 Rxh5 27. Nf4 $1 exf4 28. Re8+ Rd8 29. Bxf4 {
1-0 After the text move the position is very complex and requires a thorough
analysis. White did not venture to play for an advantage and forced a move
repetition:}) 18. Nc3 Nd4 19. Ne2 (19. Qh5 {was an interesting option here.
Black must choose between} Nef3+ 20. gxf3 Qxc3 {and 19...f6, with a very
complicated play in both cases.}) 19... Ndc6 20. Nc3 1/2-1/2

[Event "Terres Catalanes"]
[Site "Manresa"]
[Date "1996.??.??"]
[Round "9"]
[White "Pablo Marin, Alejandro"]
[Black "Psakhis, Lev"]
[Result "0-1"]
[WhiteElo "2370"]
[BlackElo "2590"]
[Annotator "Atlas,V"]
[PlyCount "67"]
[EventDate "1996.09.??"]
[EventType "tourn"]
[EventRounds "9"]
[EventCountry "ESP"]
[EventCategory "9"]
[SourceTitle "CBM 056"]
[Source "ChessBase"]
[SourceDate "1997.02.01"]
[SourceVersion "1"]
[SourceVersionDate "1997.02.01"]
[SourceQuality "1"]

1. e4 e6 2. d4 d5 3. Nc3 Bb4 4. e5 c5 5. a3 Bxc3+ 6. bxc3 Qc7 7. Qg4 f5 8. Qg3
Ne7 9. Qxg7 Rg8 10. Qxh7 cxd4 11. Kd1 Bd7 12. cxd4 ({A new and risky
continuation. The standard move} 12. Qh5+ {does not promise White any
advantage:} Kd8 (12... Ng6 13. Ne2 d3 $1 14. cxd3 {Tal,M-Botvinnik,M (01)/Wch/
1960/1-0/} Nc6 $1) 13. Ne2 (13. Nf3 {Tal,M-Botvinnik,M (12)/Wch/1961/} Ba4 $1)
(13. f4 $6 dxc3 14. Rb1 Qc5 $1 $13) 13... dxc3 14. Qf3 (14. f4 Qc5 15. Qf3 d4
16. Qd3 Nbc6 17. Rb1 a6 18. Rxb7 Nd5 19. Rb1 Kc7 20. h4 Rab8 $17 {Popovic,
M-Despotovic,M/Jugoslavija 1969}) 14... Nbc6 15. Qxc3 Nxe5 16. Qxc7+ Kxc7 17.
Nd4 Ng4 18. Ke1 e5 $17 {Prill_Gassenmann,T-Soellig,M/corr QTV-26
Bornheim-Muenstertal 1991}) 12... Qc3 13. Qh5+ Kd8 14. Ra2 Qxd4+ (14... Nbc6 $2
15. Bb2 $16) 15. Bd3 Qxf2 16. g3 $2 ({This move yields Black a clear advantage.
An enterprising pawn sacrifice} 16. Qf3 $5 {, stipulated by the high potential
energy of the passes pawn h2, was the only meaningful attempt to justify
White's play, e.g.:} Qxg2 17. Qxg2 (17. h4 $5 Nbc6 $140 18. Bg5 $44) 17... Rxg2
18. h4 $44) 16... Be8 17. Qe2 Qxe2+ 18. Bxe2 (18. Nxe2 Nbc6 $140 (18... Bh5 19.
Kd2 {/\Nf4}) 19. Nf4 {was to be preferred, since after the text White pieces
are very passive.}) 18... Nd7 19. Nf3 Nc5 20. Ke1 Bh5 21. Rb2 b6 22. Be3 Ne4 {
A dominating position of the Ne4 and control over the important diagonal d1-h5
and files "c", "g", and "h" determines Black's indubitable advantage.} 23. Rf1
Rh8 $1 {Threatening Bf3 and Rh2} 24. c4 Rc8 $1 25. cxd5 $2 ({This continuation
does not leave White any chances. The only playable move was} 25. Rc2 {, with
the idea} Bxf3 26. Bxf3 dxc4 27. Bxe4 fxe4 28. Bg5) 25... Nxd5 26. Bd2 Ke7 27.
Nh4 Bxe2 28. Kxe2 Rhd8 29. Rf3 Rc4 30. Bh6 Rdc8 31. Rd3 Rc2+ 32. Rxc2 Rxc2+ 33.
Bd2 Ndc3+ 34. Ke1 {White resigned because of the line 34...Nd2 35.Rd2 Rc1+,
followed by Ne4+.} 0-1